00738cam a2200217 i 4500020001800000020001500018041000800033082001700041100002300058245006000081260002300141300002200164500011800186650001200304650001100316650003700327650005300364650003800417650005400455650001100509 a9788184656015 a8184656017 aENG04a954.840bMAL1 aMaliekal, Jose D.,10aStandstill utopias? : Dalits encountering Christianity aDelhibISPCKc2017 axlvi, 364 pages ; aOriginally presented as the author's thesis (Ph.D.)--Department of Christian Studies, Univeristy of Madras, 2002. 0aMadigas 0aDalits 0aChristian converts from Hinduism 0aChurch work with people with social disabilities 7aChristian converts from Hinduism. 7aChurch work with people with social disabilities. 7aDalits